El ideario educativo: axiología e interdisciplinaridad

Gardado en:
Detalles Bibliográficos
Autor Principal: Peiró y Gregori, Salvador (Author)
Formato: Libro
Idioma:Lingua castelá
Publicado: Madrid Narcea 1982
Series:Educación Hoy
Subjects:
Tags: Engadir etiqueta
Sen Etiquetas, Sexa o primeiro en etiquetar este rexistro!

MARC

LEADER 00000nam a2200000 a 4500
001 UCZ8058
003 CL-VaPUC
008 960112e19820000SP |||||||||||||||||spa|d
082 0 4 |a 372.19  |b PEI  |2 21 
100 0 |a Peiró y Gregori, Salvador  |e author  |9 353166 
245 1 3 |a El ideario educativo: axiología e interdisciplinaridad 
300 |a 239 p 
942 |c BK 
945 |d 19960112 00:00:00  |a cmena 
260 |a Madrid  |b Narcea  |c 1982 
650 0 |a Currículo  |9 307290 
650 0 |a Educación básica   |9 224933 
650 0 |a Planificación de la educación   |9 307333 
650 0 |a Rol del docente  |9 329733 
650 7 |a INTERDISCIPLINARIO  |2 CL-VaPUC  |9 353167 
650 0 |a Filosofía de la educación   |9 258384 
583 |a last modification  |c 19960112 00:00:00  |k Rodrigo Vera 
490 0 |a Educación Hoy 
999 |c 244018  |d 244016 
952 |0 0  |1 0  |4 0  |6 372_190000000000000_PEI_1982  |7 0  |8 P  |9 257924  |a BIBEDU  |b BIBEDU  |c BIBEDU_PB  |d 2019-11-19  |i 1614673  |o 372.19 PEI 1982  |p 1614673  |r 2024-01-25  |w 2019-11-19  |y BK  |k EDU